00886nam a2200229 a 4500001001000000003000500010005001700015008004100032010001100073011001100084040000900095100003200104245014000136260004100276500006000317502008200377650002700459650002400486650003300510650004300543856007000586000114955CHAP20220329144505.0180817s2018 mx a sm |||||||spa d a111416 a112388 cCHAP1 aPérez Martínez, Ulises.10aPlan de manejo de residuos sólidos (Basura Cero) en el municipio de Hueyapan, Morelos /h[En línea]cpor Ulises Pérez Martínez. aChapingo, Méx. :bEl autor,c2018. aPara ver el contenido del material haga clic en la liga aTesis (Ing. en Recursos Naturales Renovables) -- UACH. Departamento de Suelos14aBasuraxEliminación.14aResiduos sólidos.14aResiduos sólidosxControl.14aResiduos sólidosxImpacto ambiental. aFinding aiduhttp://10.13.5.2/tesis/sist114955.pdfzTeclea aquí